000
00254 a2200085 4500
020
_a
978-3887783938
100
_a
Altes Lieberman
245
_a
Intravention, Durations, Effects: Notes of Expansive Sites and Relational Architectures
260
_b
Spurbuchverlag
999
_c
13579
_d
13579